000 00281nam a22001217a 4500
999 _c534190
_d534190
040 _cMSOHAIL
082 _a891.4398
100 _aAnwar Masood
_91453
245 _aBaat Se Baat by Anwar Masood
260 _aLahore
_bDost Publications
_cc2007
300 _a135;p
942 _2ddc
_cBK